Vista normal
Vista MARC
Entrada Materia (tema)
Número de registros utilizados en: 4
001 - CONTROL NUMBER
- control field: 57538
003 - CONTROL NUMBER IDENTIFIER
- control field: Co-BoUCM
005 - DATE AND TIME OF LATEST TRANSACTION
- control field: 20140228105048.0
008 - FIXED-LENGTH DATA ELEMENTS
- fixed length control field: 140228|| aca||aabn | a|a d
040 ## - CATALOGING SOURCE
- Original cataloging agency: Co-BoUCM
- Transcribing agency: Co-BoUCM
150 ## - HEADING--TOPICAL TERM
- Topical term or geographic name as entry element: Narcotráfico
- General subdivision: Aspectos económicos
670 ## - SOURCE DATA FOUND
- Source citation: Work cat.: (Co-BoUCM)239607: Mejía, Daniel 33030, The economics of the war on illegal drug , 2013